000 01731cam a22004814a 4500
001 118529
005 20230410120752.0
008 110303s2011 nyua 001 0 eng
035 _a16675094
010 _a 2011009318
020 _a9780393340136 (pbk.)
020 _a0393340139 (pbk.)
035 _a(OCoLC)ocn668193790
040 _aDLC
_cDLC
_dYDX
_dBTCTA
_dYDXCP
_dVP@
_dBWX
_dCDX
_dDLC
042 _apcc
043 _an-us---
050 1 4 _aHV 6432.7
_bN277n 2011
082 0 0 _a973.931
110 2 _aNational Commission on Terrorist Attacks upon the United States.
245 1 4 _aThe 9/11 Commission report :
_bthe attack from planning to aftermath : authorized text /
_cwith an afterword by Philip Zelikow.
246 3 _aNine/Eleven Commission report
260 _aNew York :
_bW.W. Norton & Co.,
_cc2011.
300 _axii, 640 p. :
_bill. ;
_c21 cm.
500 _aIncludes index.
504 _aIncludes bibliographical references and index.
650 0 _aSeptember 11 Terrorist Attacks, 2001.
650 0 _aTerrorism
_xGovernment policy
_zUnited States.
650 0 _aTerrorism
_zUnited States
_xPrevention.
650 0 _aIntelligence service
_zUnited States
_xEvaluation.
610 2 0 _aQaida (Organization)
650 0 _aNational security
_zUnited States.
650 0 _aWar on Terrorism, 2001-2009.
650 4 _aSeptiembre 11 Ataque terrorista, 2001
650 4 _aTerrorismo
_zEstados Unidos
650 4 _aTerrorismo
_xPrevención.
650 4 _aGuerra contra el terrorismo, 2001-2009
650 4 _aServicio de inteligencia
_zEstados Unidos.
650 4 _aSeguridad nacional
_zEstados Unidos.
610 2 4 _aAl Qaeda.
700 1 _aZelikow, Philip,
_d1954-
942 _2lcc
_cbk
946 _aYSL
999 _c51517
_d51517